Statystyki dla Państwa Świętego Cesarstwa Rzymskiego

Kliknij tutaj aby rozwiązać quiz!

Ogólne statystyki

  • Ten quiz został rozwiązany 205 razy
  • Średni wynik to 14 z 16

Statystyki odpowiedzi

Kraj% Poprawnych
Niemcy
95%
Włochy
95%
Czechy
92%
Francja
92%
Austria
91%
Belgia
89%
Holandia
88%
Szwajcaria
88%
Polska
87%
Luksemburg
86%
Liechtenstein
83%
Słowenia
81%
Chorwacja
76%
San Marino
76%
Watykan
75%
Monako
65%

Rozkład punktacji

Percentyl według liczby udzielonych odpowiedzi

Procent ludzi z każdym wynikiem

Twoja historia wyników

Nie rozwiązałeś tego quizu